000 00469nam a2200181 4500
003 LK-CoMWRAF
005 20231215092840.0
008 230828b2003 |||||||| |||| 00| 0 eng d
040 _aLK-CoMWRAF
_dLK-CoMWRAF
_eLK-CoMWRAF
041 _aeng
082 _a823
_bTOU
100 _aTouche, Grace De La
245 _aAladdin
260 _aEngland
_bRobert Frederick Ltd
_c2003
490 _aA Good night sleep tight storybook
650 _aChild story book
942 _cBK
999 _c3286
_d3286